[Event "LYM - Open Maîtres"]
[Site "Lausanne - Casino de Montbenon"]
[Date "2000.??.??"]
[Round "4"]
[White "Gaulé, Patrick"]
[Black "Mouron, Daniel"]
[Result "0-1"]
[WhiteElo "2125"]
[BlackElo "2013"]
[PlyCount "96"]
[EventDate "2000.??.??"]

1. d4 Nf6 2. c4 e5 3. dxe5 Ne4 4. Nf3 Bb4+ 5. Nbd2 Nc6 6. a3 Nxd2 7. Bxd2 Bxd2+
8. Qxd2 Qe7 9. Qc3 b6 10. e3 Bb7 11. Be2 O-O-O 12. O-O g5 13. Rfc1 g4 14. Nd4
Nxe5 15. c5 Qxc5 16. Qxc5 bxc5 17. Rxc5 d6 18. Rc3 Kb8 19. b4 h5 20. b5 Nd7 21.
a4 Nc5 22. a5 Rde8 23. Bc4 f6 24. Nb3 Nxb3 25. Rxb3 Re5 26. Rab1 Bd5 27. Rb4
Bxc4 28. Rxc4 Rc5 29. Rxc5 dxc5 30. Rc1 Rd8 31. g3 Rd5 32. Rc4 Kb7 33. Kg2 c6
34. a6+ Kb6 35. bxc6 Kxc6 36. Rf4 f5 37. e4 fxe4 38. Rxe4 Kb5 39. h3 gxh3+ 40.
Kxh3 Kxa6 41. f4 Kb5 42. Kh4 c4 43. g4 hxg4 44. Kxg4 c3 45. Re2 Rc5 46. Rc2 Kb4
47. f5 Kb3 48. Rc1 Kb2 0-1

[Event "LYM - Open Maîtres"]
[Site "Lausanne - Casino de Montbenon"]
[Date "2000.??.??"]
[Round "4"]
[White "Gassij, Oksana"]
[Black "De Andrès, Jésus"]
[Result "1-0"]
[WhiteElo "2095"]
[BlackElo "2068"]
[PlyCount "117"]
[EventDate "2000.??.??"]

1. Nf3 c5 2. g3 d5 3. Bg2 Nc6 4. O-O e5 5. d3 h6 6. e4 d4 7. Nbd2 Bd6 8. Re1
Be6 9. a3 Nge7 10. Qe2 Qd7 11. Nf1 g5 12. Bd2 Ng6 13. Reb1 a5 14. Qe1 Ke7 15.
c3 Bb3 16. Rc1 f6 17. h3 Be6 18. b4 dxc3 19. bxc5 Bxc5 20. Rxc3 b6 21. Qc1 Rac8
22. Be3 Nd4 23. Bxd4 exd4 24. Rc2 Bxh3 25. N1d2 Rhg8 26. Bxh3 Qxh3 27. Qf1
Qxf1+ 28. Kxf1 g4 29. Ne1 Ne5 30. Nb3 Kd6 31. Rac1 Rc6 32. a4 Rgc8 33. Rb1 R6c7
34. Ke2 Nc6 35. Rc4 Nb4 36. f4 gxf3+ 37. Nxf3 Rg8 38. Rg1 Nc6 39. Nbxd4 Nxd4+
40. Nxd4 Bxd4 41. Rxd4+ Ke6 42. Kf3 Rcg7 43. Rd5 Rg5 44. Rxg5 fxg5 45. Rb1 Rb8
46. Rb5 Kf6 47. g4 Kg6 48. d4 h5 49. gxh5+ Kxh5 50. d5 Kh4 51. d6 g4+ 52. Kg2
Rc8 53. Rb2 Rc3 54. Rd2 Rc8 55. e5 Kg5 56. Rf2 Rd8 57. Kg3 Rc8 58. e6 Rc3+ 59.
Kg2 1-0

[Event "LYM - Open Maîtres"]
[Site "Lausanne - Casino de Montbenon"]
[Date "2000.??.??"]
[Round "4"]
[White "Garnier, Salvi"]
[Black "Gendre, Stephan"]
[Result "1-0"]
[WhiteElo "2000"]
[BlackElo "2086"]
[PlyCount "59"]
[EventDate "2000.??.??"]

1. e4 e6 2. d3 c5 3. Nd2 Nc6 4. Ngf3 Be7 5. g3 b6 6. Bg2 Bb7 7. O-O Nf6 8. e5
Nd5 9. c4 Ndb4 10. Ne4 d5 11. exd6 Bxd6 12. a3 Na6 13. Nxd6+ Qxd6 14. Bf4 Qd7
15. d4 Nxd4 16. Ne5 Qe7 17. Qa4+ b5 18. cxb5 Ne2+ 19. Kh1 Bxg2+ 20. Kxg2 Nxf4+
21. gxf4 Qb7+ 22. Kg1 Nb8 23. b6+ Ke7 24. bxa7 Rxa7 25. Qc2 f6 26. Qxc5+ Ke8
27. Rac1 fxe5 28. Qc8+ Kf7 29. Qxh8 Qf3 30. Rc3 1-0

[Event "LYM - Open Maîtres"]
[Site "Lausanne - Casino de Montbenon"]
[Date "2000.??.??"]
[Round "4"]
[White "Hernando, Jose-Carlos"]
[Black "Gallagher, Josef"
[Result "0-1"]
[WhiteElo "2403"]
[BlackElo "2558"]
[PlyCount "60"]
[EventDate "2000.??.??"]

1. g3 e5 2. Bg2 Nc6 3. c3 d5 4. d4 Nf6 5. Nh3 Be7 6. f3 O-O 7. Nf2 Re8 8. O-O
a5 9. a4 b6 10. Na3 Ba6 11. Nb5 exd4 12. cxd4 Na7 13. Nxa7 Rxa7 14. Re1 c5 15.
e3 Bd6 16. Ng4 Nxg4 17. fxg4 cxd4 18. Qxd4 Bc5 19. Qxd5 Rd7 20. Qf5 Rd1 21.
Rxd1 Qxd1+ 22. Bf1 Bxe3+ 23. Kg2 Bb7+ 24. Kh3 Bxc1 25. Bd3 Qd2 26. Qxh7+ Kf8
27. Bf1 Re6 28. Qh8+ Ke7 29. Qh4+ g5 30. Qh5 Re2 0-1

[Event "LYM - Open Maîtres"]
[Site "Lausanne - Casino de Montbenon"]
[Date "2000.??.??"]
[Round "4"]
[White "Volzin, Alexander"
[Black "Van Blitterswijk, Stefan"
[Result "1-0"]
[WhiteElo "2553"]
[BlackElo "2308"]
[PlyCount "61"]
[EventDate "2000.??.??"]

1. d4 Nf6 2. c4 c5 3. d5 e6 4. Nc3 g6 5. Nf3 exd5 6. cxd5 d6 7. Bf4 Bg7 8. Qa4+
Bd7 9. Qb3 b5 10. Bxd6 Qb6 11. Be5 O-O 12. e3 c4 13. Qd1 Na6 14. a4 b4 15. Nb5
Bxb5 16. axb5 Qxb5 17. Qd4 Qb6 18. Qxb6 axb6 19. Bxc4 b5 20. Bxb5 Nc7 21. Ba4
Ncxd5 22. Ke2 Nb6 23. Bb3 Ne4 24. Rxa8 Rxa8 25. Rc1 Bxe5 26. Nxe5 Ra5 27. Rc6
Nd5 28. Nd3 Ng5 29. Bxd5 Rxd5 30. Rc5 Rxc5 31. Nxc5 1-0

[Event "LYM - Open Maîtres"]
[Site "Lausanne - Casino de Montbenon"]
[Date "2000.??.??"]
[Round "5"]
[White "Landenbergue, Claude"
[Black "Epishin, Vladimir"
[Result "0-1"]
[WhiteElo "2406"]
[BlackElo "2667"]
[PlyCount "110"]
[EventDate "2000.??.??"]

1. e4 c5 2. Nf3 d6 3. d4 cxd4 4. Nxd4 Nf6 5. Nc3 Nc6 6. Bg5 Bd7 7. Bxf6 gxf6 8.
Be2 Bg7 9. Nf5 Bxf5 10. exf5 Qd7 11. Nd5 O-O-O 12. c4 Kb8 13. Bd3 e6 14. Nc3 h5
15. O-O Bh6 16. Qa4 Bf4 17. Ne2 Be5 18. Rab1 Qc7 19. f4 Bd4+ 20. Kh1 Bb6 21. b4
Ne7 22. Qc2 h4 23. h3 Rhg8 24. Nc3 Rg3 25. fxe6 fxe6 26. Ne4 Nf5 27. Nxg3 Nxg3+
28. Kh2 Nxf1+ 29. Rxf1 f5 30. Qe2 Qg7 31. Rf3 Rg8 32. Bc2 Qd4 33. Qd1 Qxd1 34.
Bxd1 Kc7 35. Bb3 Kd7 36. g3 Ke7 37. gxh4 Kf6 38. Rd3 Bc7 39. h5 b5 40. Rg3 Rh8
41. Rc3 bxc4 42. Rxc4 Bb8 43. Rc6 Ke7 44. Bd1 Rg8 45. Ra6 d5 46. Kh1 Rg3 47. b5
Rxh3+ 48. Kg2 Rd3 49. Bb3 Rd4 50. h6 Rxf4 51. b6 axb6 52. Rxb6 Bc7 53. Rb7 Kd8
54. Rxc7 Kxc7 55. Kh3 Rb4 0-1

[Event "LYM - Open Maîtres"]
[Site "Lausanne - Casino de Montbenon"]
[Date "2000.??.??"]
[Round "5"]
[White "Moiseenko, Alexander"
[Black "Prié, Eric"
[Result "1/2-1/2"]
[WhiteElo "2572"]
[BlackElo "2501"]
[PlyCount "27"]
[EventDate "2000.??.??"]

1. d4 d5 2. c4 c6 3. Nf3 Nf6 4. Nc3 a6 5. a4 Bf5 6. Qb3 Ra7 7. Bg5 e6 8. Bxf6
gxf6 9. g3 Be4 10. Rd1 Bxf3 11. exf3 f5 12. f4 Bg7 13. Bg2 O-O 14. O-O 1/2-1/2

[Event "LYM - Open Maîtres"]
[Site "Lausanne - Casino de Montbenon"]
[Date "2000.??.??"]
[Round "5"]
[White "Gallagher, Joseph"
[Black "Sokolov, Andrey"
[Result "1/2-1/2"]
[WhiteElo "2558"]
[BlackElo "2565"]
[PlyCount "35"]
[EventDate "2000.??.??"]

1. e4 c5 2. Nf3 e6 3. d4 cxd4 4. Nxd4 Nf6 5. Nc3 d6 6. Be2 Nc6 7. Be3 Be7 8.
O-O O-O 9. f4 a6 10. Qe1 Nxd4 11. Bxd4 b5 12. a3 Bb7 13. Qg3 Qc7 14. Rad1 Rac8
15. Kh1 Bc6 16. Rfe1 Rfd8 17. Bf3 Ne8 18. Rd3 1/2-1/2

[Event "LYM - Open Maîtres"]
[Site "Lausanne - Casino de Montbenon"]
[Date "2000.??.??"]
[Round "5"]
[White "Fedorchuk, Sergey"
[Black "Tukamkov, Vladimir"
[Result "1-0"]
[WhiteElo "2406"]
[BlackElo "2574"]
[PlyCount "55"]
[EventDate "2000.??.??"]

1. e4 c5 2. Nf3 d6 3. d4 cxd4 4. Nxd4 Nf6 5. Nc3 Nc6 6. Bg5 e6 7. Qd2 a6 8.
O-O-O Bd7 9. f4 b5 10. Bxf6 gxf6 11. Kb1 Qb6 12. Nxc6 Bxc6 13. Bd3 b4 14. Ne2
a5 15. Ng3 h5 16. Qe2 Qc5 17. f5 h4 18. Nh5 Qe5 19. Rhf1 a4 20. Nxf6+ Qxf6 21.
Bb5 Rc8 22. Bxc6+ Rxc6 23. Qb5 Kd7 24. e5 Qd8 25. fxe6+ Kc7 26. Rxf7+ Be7 27.
exd6+ Rxd6 28. Rxe7+ 1-0

[Event "LYM - Open Maîtres"]
[Site "Lausanne - Casino de Montbenon"]
[Date "2000.??.??"]
[Round "5"]
[White "Palac, Vladen"
[Black "Berkvens, Joost"]
[Result "1-0"]
[WhiteElo "2571"]
[BlackElo "2297"]
[PlyCount "73"]
[EventDate "2000.??.??"]

1. e4 c5 2. Nf3 d6 3. d4 cxd4 4. Nxd4 Nf6 5. Nc3 a6 6. Be3 e5 7. Nf3 Qc7 8. a4
Be7 9. a5 Nbd7 10. Bd3 O-O 11. O-O b5 12. axb6 Nxb6 13. Qe2 Bb7 14. Bxb6 Qxb6
15. Bc4 Rac8 16. b3 a5 17. Rfd1 Rc7 18. Nd2 Rfc8 19. Ra2 Rd7 20. Nf1 Rcd8 21.
Nd5 Nxd5 22. Bxd5 Bg5 23. Bxb7 Rxb7 24. Rd5 Ra7 25. g3 Rc8 26. Qg4 Qd8 27. h4
Be7 28. Ne3 Bf8 29. Qd1 Qb6 30. Ra4 Rac7 31. Rdxa5 Qb7 32. Qd3 Rc3 33. Qb5 Qxb5
34. Rxb5 g6 35. Rb7 Rxe3 36. fxe3 Rxc2 37. Ra8 1-0

[Event "LYM - Open Maîtres"]
[Site "Lausanne - Casino de Montbenon"]
[Date "2000.??.??"]
[Round "5"]
[White "Preissmann, Emmanuel"]
[Black "Bunzmann, Dimitri"]
[Result "1/2-1/2"]
[WhiteElo "2368"]
[BlackElo "2502"]
[PlyCount "25"]
[EventDate "2000.??.??"]

1. e4 e6 2. d4 d5 3. Nc3 Bb4 4. Bd3 dxe4 5. Bxe4 Nf6 6. Bf3 c5 7. a3 Bxc3+ 8.
bxc3 Qa5 9. Bd2 O-O 10. Ne2 Nbd7 11. O-O e5 12. Ng3 Re8 13. Re1 1/2-1/2

[Event "LYM - Open Maîtres"]
[Site "Lausanne - Casino de Montbenon"]
[Date "2000.??.??"]
[Round "5"]
[White "Hebden, Mark"
[Black "Firman, Nazar"]
[Result "0-1"]
[WhiteElo "2493"]
[BlackElo "2261"]
[PlyCount "86"]
[EventDate "2000.??.??"]

1. d4 f5 2. g3 Nf6 3. Bg2 g6 4. Nf3 Bg7 5. O-O O-O 6. c4 d6 7. Nc3 Qe8 8. d5
Na6 9. Rb1 c5 10. dxc6 bxc6 11. b4 Bd7 12. a3 h6 13. Bb2 g5 14. e3 Nc7 15. Qe2
e5 16. Rfd1 e4 17. Nd4 Rd8 18. b5 c5 19. Nb3 f4 20. exf4 Bg4 21. f3 exf3 22.
Bxf3 Qh5 23. Nd2 Rde8 24. Qg2 Bxf3 25. Nxf3 Ng4 26. Rxd6 Ne3 27. Qf2 Nxc4 28.
Nd5 Nxd5 29. Bxg7 Nxd6 30. Bxf8 Ne4 31. Qg2 Kxf8 32. g4 Qg6 33. Ne5 Qh7 34. Re1
Ndf6 35. Qf3 gxf4 36. Qxf4 Kg8 37. a4 Qc7 38. Nd3 Qxf4 39. Nxf4 Nxg4 40. a5
Ngf6 41. Kg2 Rb8 42. Rb1 Nc3 43. Rc1 Nfe4 0-1